Progreso multidimensional: bienestar más allá del ingreso/
Guardado en:
| Autor Corporativo: | |
|---|---|
| Formato: | Libro |
| Lenguaje: | Spanish |
| Publicado: |
Nueva York:
PNUD,
2016
|
| Etiquetas: |
Agregar Etiqueta
Sin Etiquetas, Sea el primero en etiquetar este registro!
|
MARC
| LEADER | 00000nam a22000007a 4500 | ||
|---|---|---|---|
| 003 | cru CIDCACS/IIS | ||
| 005 | 20180315115248.0 | ||
| 007 | ta | ||
| 008 | 180315t2016 nyu|||||r|||||||| ||spa d | ||
| 999 | |c 41141 |d 41141 | ||
| 040 | |c cru CIDCACS/IIS | ||
| 090 | |a 05.03.01 P964i | ||
| 110 | 2 | |9 6791 |a Programa de las Naciones Unidas para el Desarrollo | |
| 245 | |a Progreso multidimensional: |b bienestar más allá del ingreso/ |c Programa de las Naciones Unidas para el Desarrollo | ||
| 246 | |a Informe regional sobre Desarrollo Humano para América Latina y el Caribe | ||
| 260 | |a Nueva York: |b PNUD, |c 2016 | ||
| 300 | |a 356 páginas: |b gráficos | ||
| 942 | |2 ddc |c PP | ||
